MARC

LEADER 00000nam0a2200000 4500
001 143879
005 20231031143419.0
010 |a 5776603064 
010 |a 5-7766-0308-0 
020 |a RU  |b 91-15709 
035 |a (RuTPU)RU\TPU\book\155937 
090 |a 143879 
100 |a 20080925g1991 m y0rusy5003 ca 
101 1 |a rus  |c ukr 
102 |a UA 
105 |a a z 000ay 
200 1 |a Тайный посол  |e Роман   |e в 2 т.  |h Т. 2  |f В. К. Малик  |g пер. с укр. Е. Цветков ; худож. Л. Н. Константинов 
210 |a Харьков  |c Прапор  |d 1991 
215 |d 21 см  |e (ил.)  |a 560 с. 
610 1 |a Национально-освободительное движение на Украине 
610 1 |a 17 век 
610 1 |a украинская литература 
610 1 |a исторические романы 
675 |a 883  |z rus 
700 1 |a Малик  |b В. К.  |g Владимир Кириллович  |4 070 
702 1 |a Цветков  |b Е.  |4 730 
702 1 |a Константинов  |b Л. Н.  |4 440 
801 0 |a RU  |b RuMRKP  |c 19950417  |g psbo 
801 1 |a RU  |b 63413507  |c 20080925  |g PSBO 
801 2 |a RU  |b 63413507  |c 20080925  |g PSBO 
942 |c BK